| 000 | 00924nam0a22002411 4500 | ||
|---|---|---|---|
| 001 | rc\33262 | ||
| 005 | 20250620153542.0 | ||
| 035 | _a(NLR Aleph) 005317773 | ||
| 090 |
_a6454984 _c6454984 |
||
| 100 | _a20021216d1992 |||y0rusy50 ca | ||
| 101 | 0 | _arus | |
| 102 | _aRU | ||
| 105 | _ay ||||||||| | ||
| 200 | 1 | _aВнешнеэкономическая деятельность предприятий | |
| 210 |
_aНовосибирск _cИРИЦ "Сибирь" _d1992 |
||
| 300 | _a95-3/408 Источник: Внешнеэконом. деятельность предприятия: Теорет. курс. Краснодар, 1994, с. 109 | ||
| 700 | 1 |
_7ca _8rus _aИщенко _bЕ. Г. _cд-р экон. наук _gЕвгений Григорьевич _9146510 _3RU\NLR\AUTH\770146546 |
|
| 801 | 0 |
_aRU _bNLR _gpsbo |
|
| 801 | 1 |
_aRU _bELAR _2rusmarc |
|
| 852 |
_aNLR _jDesideratum |
||
| 942 | _cBOOK | ||
| 980 | _aNB | ||